|
|
|
|
| LEADER |
00000nam0a2200000 4500 |
| 001 |
375980 |
| 005 |
20231102012801.0 |
| 035 |
|
|
|a (RuTPU)RU\TPU\retro\33419
|
| 035 |
|
|
|a RU\TPU\book\321438
|
| 090 |
|
|
|a 375980
|
| 100 |
|
|
|a 20221221d1979 d y0rusy50 ca
|
| 101 |
0 |
|
|a rus
|
| 102 |
|
|
|a RU
|
| 105 |
|
|
|a a z 000cd
|
| 200 |
1 |
|
|a Небо не слишком высоко. Золотой век итальянской живописи
|e очерки
|f Л. Д. Любимов
|
| 205 |
|
|
|a 2-е изд.
|
| 210 |
|
|
|a Москва
|c Детская литература
|d 1979
|
| 215 |
|
|
|a 223 с.
|c ил.
|
| 225 |
1 |
|
|a В мире прекрасного
|
| 600 |
|
0 |
|a Леонардо да Винчи
|c итальянский живописец
|c скульптор
|c инженер
|c физик
|c биолог
|c философ
|c психолог
|f 1452-1519
|2 stltpush
|3 (RuTPU)RU\TPU\pers\8521
|9 1651
|
| 600 |
|
0 |
|a Рафаэль Санти
|c итальянский живописец
|c архитектор
|f 1483-1520
|2 stltpush
|3 (RuTPU)RU\TPU\pers\502
|9 240
|
| 600 |
|
0 |
|a Микеланджело Буонарроти
|c итальянский скульптор
|c живописец
|c архитектор
|c поэт
|f 1475-1564
|2 stltpush
|3 (RuTPU)RU\TPU\pers\1034
|9 457
|
| 600 |
|
0 |
|a Тициан (Тициано Вечелио)
|c итальянский живописец
|f около 1476/1477 или 1489/1490-1576
|2 stltpush
|3 (RuTPU)RU\TPU\pers\1018
|9 450
|
| 606 |
1 |
|
|a Живопись
|2 stltpush
|3 (RuTPU)RU\TPU\subj\73461
|9 86457
|
| 610 |
1 |
|
|a популярная литература
|
| 610 |
1 |
|
|a очерки
|
| 610 |
1 |
|
|a живопись
|
| 610 |
1 |
|
|a итальянская живопись
|
| 610 |
1 |
|
|a эпоха Возрождения
|
| 610 |
1 |
|
|a итальянское Возрождение
|
| 610 |
1 |
|
|a итальянское искусство
|
| 610 |
1 |
|
|a художники
|
| 610 |
1 |
|
|a 16 век
|
| 675 |
|
|
|a 75
|v 4
|
| 700 |
|
1 |
|a Любимов
|b Л. Д.
|g Лев Дмитриевич
|4 070
|
| 801 |
|
1 |
|a RU
|b 63413507
|c 20150529
|
| 801 |
|
2 |
|a RU
|b 63413507
|c 20221221
|g RCR
|
| 942 |
|
|
|c BK
|